VARIETY CRITICS' GREATEST 100 MOVIES OF ALL TIME - Statistics

General Stats
  • This quiz has been taken 64 times
  • The average score is 24 of 100
Answer Stats
Hint Answer % Correct
1972 The Godfather
92%
1974 The Godfather, Part II
78%
1994 Pulp Fiction
69%
1960 Psycho
67%
1968 2001: A Space Odyssey
65%
1939 Gone with the Wind
65%
1963 8 1/2
63%
1939 The Wizard of Oz
63%
1942 Casablanca
61%
1941 Citizen Kane
61%
1990 Goodfellas
57%
1980 The Shining
53%
1991 The Silence of the Lambs
53%
1997 Titanic
51%
1979 Alien
49%
1982 E.T. the Extra Terrestrial
49%
1998 Saving Private Ryan
49%
2008 The Dark Knight
49%
1979 Apocalypse Now
47%
1946 It's a Wonderful Life
47%
1958 Vertigo
45%
1952 Singin' in the Rain
43%
1954 Seven Samurai
41%
1974 Chinatown
37%
1962 Lawrence of Arabia
37%
1957 12 Angry Men
35%
1950 All About Eve
35%
1977 Annie Hall
35%
1931 City Lights
35%
1959 Some Like it Hot
35%
1954 On the Waterfront
33%
1960 The Apartment
33%
1980 The Empire Strikes Back
33%
1996 Fargo
31%
2016 Moonlight
31%
1926 The General
31%
1967 The Graduate
31%
1995 Toy Story
31%
2019 Parasite
29%
1965 The Sound of Music
29%
1976 Network
27%
1933 King Kong
24%
2000 In the Mood for Love
22%
1966 Persona
22%
1959 The 400 Blows
22%
1989 Do the Right Thing
20%
2013 12 Years a Slave
18%
1986 Blue Velvet
18%
1944 Double Indemnity
18%
1979 Kramer Vs Kramer
18%
1975 Nashville
18%
1948 Bicycle Thieves
16%
2005 Brokeback Mountain
16%
1928 The Passion of Joan of Arc
16%
1916 Intolerance
14%
1953 Tokyo Story
14%
1967 Bonnie and Clyde
12%
2006 Pan's Labyrinth
12%
1927 Sunrise: A Song of Two Humans
12%
1993 The Piano
12%
1939 The Rules of the Game
12%
2011 The Tree of Life
12%
1960 Breathless
10%
1976 Carrie
10%
1973 Mean Streets
10%
1946 Notorious
10%
1939 Stagecoach
10%
1938 Bringing up Baby
8%
1968 Rosemary's Baby
8%
1974 The Texas Chainsaw Massacre
8%
1990 Close-up
6%
1960 L'avventura
6%
1955 Pather Panchali
6%
1969 The Wild Bunch
6%
1942 Bambi
4%
1997 Boogie Nights
4%
1964 Goldfinger
4%
1975 Jeanne Dielman ...
4%
1992 Malcolm X
4%
1985 Shoah
4%
1964 A Hard Day's Night
2%
1956 A Man Escaped
2%
1967 Belle de Jour
2%
1996 Breaking the Waves
2%
2001 Moulin Rouge!
2%
1972 Pink Flamingos
2%
1980 Pixote
2%
1974 Scenes from a Marriage
2%
1988 Women on the Verge of a Nervous Breakdown
2%
1999 Beau Travail
0%
2011 Bridesmaids
0%
1993 Dazed and Confused
0%
1967 Le Samourai
0%
1981 Mad Max 2: The Road Warrior
0%
1997 My Best Friend's Wedding
0%
1988 My Neighbour Totoro
0%
1994 Natural Born Killers
0%
1980 Paris is Burning
0%
1985 Vagabond
0%
1996 Waiting for Guffman
0%
No matching quizzes found
Score Distribution
Percent of People with Each Score
Percentile by Number Answered
Your Score History
You have not taken this quiz